00658nam a2200193Ia 4500008004100000020001500041041001200056082001600068100001900084245009200103250000800195260002500203300000800228650001600236700001900252942000700271999001300278952017300291221030s9999 xx 000 0 und d a0070447004 aEnglish a105.23bTre aJ. P. Tremblay 3aAn Introduction To Data Structures With Applicationscby J. P. Tremblay, P. G. Sorenson a2nd bTMHaNew Delhic2003 a861 aBE Computer aP. G. Sorenson cBK c581d581 pBE 6840g255.00l0o105.23 Trer2024-06-13 00:00:00w2022-10-30yBK003Print4070aMIETLIBbMIETLIBcBL-Academic Block - A, FL-1, CUP-90, SH-2, R-2d2003-06-2610HBE